الموزانة المائية في العراق وأزمة المياه في العالم / (رقم التسجيلة. 18799)

تفاصيل مارك
000 -LEADER
fixed length control field 00704nam a22002177a 4500
005 - DATE AND TIME OF LATEST TRANSACTION
control field 20251108164955.0
008 - FIXED-LENGTH DATA ELEMENTS--GENERAL INFORMATION
fixed length control field 250721s2011 xx 000 0 ara d
082 14 - DEWEY DECIMAL CLASSIFICATION NUMBER
Classification number 343.563092/أمي
100 1# - MAIN ENTRY--PERSONAL NAME
Personal name الأمير، فؤاد قاسم
245 10 - TITLE STATEMENT
Title الموزانة المائية في العراق وأزمة المياه في العالم /
250 ## - EDITION STATEMENT
Edition statement ط2.
264 1# - PRODUCTION, PUBLICATION, DISTRIBUTION, MANUFACTURE, AND COPYRIGHT NOTICE
Place of production, publication, distribution, manufacture عمان :
Name of producer, publisher, distributor, manufacturer دار ورد الأردنية للنشر و التوزيع،
Date of production, publication, distribution, manufacture, or copyright notice 2011.
300 ## - PHYSICAL DESCRIPTION
Extent 359ص.
650 17 - SUBJECT ADDED ENTRY--TOPICAL TERM
Topical term or geographic name as entry element القانون العام
650 17 - SUBJECT ADDED ENTRY--TOPICAL TERM
Topical term or geographic name as entry element العراق
650 17 - SUBJECT ADDED ENTRY--TOPICAL TERM
Topical term or geographic name as entry element المياه
650 17 - SUBJECT ADDED ENTRY--TOPICAL TERM
Topical term or geographic name as entry element العلاقات الدولية
650 17 - SUBJECT ADDED ENTRY--TOPICAL TERM
Topical term or geographic name as entry element أزمة المياه
942 ## - ADDED ENTRY ELEMENTS (KOHA)
Source of classification or shelving scheme Dewey Decimal Classification
Koha item type كتب
المقتنيات
حالة السحب حالة الفقدان مصدر التصنيف حالة التلف غير قابل للإعارة المكتبة الرئيسية المكتبة الحالية موقع الرف تاريخ التزويد الرقم المتسلسل Total Checkouts رقم الإستدعاء الباركود تاريخ آخر ظهور تاريخ الفاتورة نوع المادة (كوها)
Withdrawn   Dewey Decimal Classification     المكتبة المركزية المكتبة المركزية الإعارة 28/07/2025 1507626   343.563092/أمي PLD00237306 28/07/2025 28/07/2025 كتب
    Dewey Decimal Classification     مكتبة أبو علندا العامة مكتبة أبو علندا العامة الإعارة 22/01/2012 1507632   343.563092/أمي PLD00237407 28/07/2025 22/01/2012 كتب
    Dewey Decimal Classification     مكتبة أم قصير والمقابلين العامة مكتبة أم قصير والمقابلين العامة الإعارة 22/01/2012 1507627   343.563092/أمي PLD00237402 28/07/2025 22/01/2012 كتب
    Dewey Decimal Classification     مكتبة الأميرة ايمان العامة مكتبة الأميرة ايمان العامة الإعارة 22/01/2012 1507629   343.563092/أمي PLD00237404 28/07/2025 22/01/2012 كتب
    Dewey Decimal Classification     مكتبة الاميرة بديعة مكتبة الاميرة بديعة الإعارة 22/01/2012 1507631   343.563092/أمي PLD00237406 28/07/2025 22/01/2012 كتب
    Dewey Decimal Classification     مكتبة الجويدة مكتبة الجويدة الإعارة 22/01/2012 1507628   343.563092/أمي PLD00237403 28/07/2025 22/01/2012 كتب
    Dewey Decimal Classification     مكتبة النصر العامة مكتبة النصر العامة الإعارة 22/01/2012 1507633   343.563092/أمي PLD00237408 28/07/2025 22/01/2012 كتب
    Dewey Decimal Classification     مكتبة حمزة العامة مكتبة حمزة العامة الإعارة 22/01/2012 1507634   343.563092/أمي PLD00237409 28/07/2025 22/01/2012 كتب
    Dewey Decimal Classification     مكتبة صويلح العامة مكتبة صويلح العامة الإعارة 22/01/2012 1507635   343.563092/أمي PLD00237410 28/07/2025 22/01/2012 كتب
    Dewey Decimal Classification     مكتبة وادي السير العامة مكتبة وادي السير العامة الإعارة 22/01/2012 1507630   343.563092/أمي PLD00237405 28/07/2025 22/01/2012 كتب
Implemented & Customized by: BBB with SCIT (Smart Chains for Information Technology)

Powered by Koha